|
|
|
|
| LEADER |
03564nam a22006735i 4500 |
| 001 |
978-3-642-31875-7 |
| 003 |
DE-He213 |
| 005 |
20151204142243.0 |
| 007 |
cr nn 008mamaa |
| 008 |
120719s2012 gw | s |||| 0|eng d |
| 020 |
|
|
|a 9783642318757
|9 978-3-642-31875-7
|
| 024 |
7 |
|
|a 10.1007/978-3-642-31875-7
|2 doi
|
| 040 |
|
|
|d GrThAP
|
| 050 |
|
4 |
|a QA76.76.A65
|
| 072 |
|
7 |
|a UNH
|2 bicssc
|
| 072 |
|
7 |
|a UDBD
|2 bicssc
|
| 072 |
|
7 |
|a COM032000
|2 bisacsh
|
| 082 |
0 |
4 |
|a 005.7
|2 23
|
| 245 |
1 |
0 |
|a Service-Oriented Computing - ICSOC 2011 Workshops
|h [electronic resource] :
|b ICSOC 2011, International Workshops WESOA, NFPSLAM-SOC, and Satellite Events, Paphos, Cyprus, December 5-8, 2011. Revised Selected Papers /
|c edited by George Pallis, Mohamed Jmaiel, Anis Charfi, Sven Graupner, Yücel Karabulut, Sam Guinea, Florian Rosenberg, Quan Z. Sheng, Cesare Pautasso, Sonia Ben Mokhtar.
|
| 264 |
|
1 |
|a Berlin, Heidelberg :
|b Springer Berlin Heidelberg :
|b Imprint: Springer,
|c 2012.
|
| 300 |
|
|
|a XII, 334 p. 106 illus.
|b online resource.
|
| 336 |
|
|
|a text
|b txt
|2 rdacontent
|
| 337 |
|
|
|a computer
|b c
|2 rdamedia
|
| 338 |
|
|
|a online resource
|b cr
|2 rdacarrier
|
| 347 |
|
|
|a text file
|b PDF
|2 rda
|
| 490 |
1 |
|
|a Lecture Notes in Computer Science,
|x 0302-9743 ;
|v 7221
|
| 520 |
|
|
|a This book constitutes the thoroughly refereed proceedings of the 2011 ICSOC Workshops consisting of 5 scientific satellite events, organized in 4 tracks: workshop track (WESOA 2011; NFPSLAM-SOC 2011), PhD symposium track, demonstration track, and industry track; held in conjunction with the 2011 International Conference on Service-Oriented Computing (ICSOC), in Paphos, Greece, December 2011. The 39 revised papers presented together with 2 introductory descriptions address topics such as software engineering services; the management of service level agreements; Web services and service composition; general or domain-specific challenges of service-oriented computing and its transition towards cloud computing; architecture and modeling of services; workflow management; performance analysis as well as crowdsourcing for improving service processes and for knowledge discovery.
|
| 650 |
|
0 |
|a Computer science.
|
| 650 |
|
0 |
|a Information technology.
|
| 650 |
|
0 |
|a Business
|x Data processing.
|
| 650 |
|
0 |
|a Computer communication systems.
|
| 650 |
|
0 |
|a Software engineering.
|
| 650 |
|
0 |
|a Information storage and retrieval.
|
| 650 |
|
0 |
|a Application software.
|
| 650 |
1 |
4 |
|a Computer Science.
|
| 650 |
2 |
4 |
|a Information Systems Applications (incl. Internet).
|
| 650 |
2 |
4 |
|a Software Engineering.
|
| 650 |
2 |
4 |
|a IT in Business.
|
| 650 |
2 |
4 |
|a Information Storage and Retrieval.
|
| 650 |
2 |
4 |
|a Computer Communication Networks.
|
| 650 |
2 |
4 |
|a Computer Appl. in Administrative Data Processing.
|
| 700 |
1 |
|
|a Pallis, George.
|e editor.
|
| 700 |
1 |
|
|a Jmaiel, Mohamed.
|e editor.
|
| 700 |
1 |
|
|a Charfi, Anis.
|e editor.
|
| 700 |
1 |
|
|a Graupner, Sven.
|e editor.
|
| 700 |
1 |
|
|a Karabulut, Yücel.
|e editor.
|
| 700 |
1 |
|
|a Guinea, Sam.
|e editor.
|
| 700 |
1 |
|
|a Rosenberg, Florian.
|e editor.
|
| 700 |
1 |
|
|a Sheng, Quan Z.
|e editor.
|
| 700 |
1 |
|
|a Pautasso, Cesare.
|e editor.
|
| 700 |
1 |
|
|a Mokhtar, Sonia Ben.
|e editor.
|
| 710 |
2 |
|
|a SpringerLink (Online service)
|
| 773 |
0 |
|
|t Springer eBooks
|
| 776 |
0 |
8 |
|i Printed edition:
|z 9783642318740
|
| 830 |
|
0 |
|a Lecture Notes in Computer Science,
|x 0302-9743 ;
|v 7221
|
| 856 |
4 |
0 |
|u http://dx.doi.org/10.1007/978-3-642-31875-7
|z Full Text via HEAL-Link
|
| 912 |
|
|
|a ZDB-2-SCS
|
| 912 |
|
|
|a ZDB-2-LNC
|
| 950 |
|
|
|a Computer Science (Springer-11645)
|